00396nam a22001217a 4500003000500000020001900005082001800024100002000042245011700062260005000179300003800229563000700267NUST a 9787300247069 a330.951 bLIA aLiang , Guoyong aChinese economy 2040 : the changing landscape of globalization and a new path for development /cLiang , Guoyong a China Renmin University PressbBeijingc2017 a320 pages : illustrations ; 23 cm aPB